| 000 | 01045naa a22002777a 4500 | ||
|---|---|---|---|
| 001 | BR9209995 | ||
| 003 | BR-BrBNA | ||
| 005 | 20240918181624.0 | ||
| 007 | ta | ||
| 008 | 230509b bl.||||| |||| 00| 0 por d | ||
| 040 |
_aBR-BrBNA _bpor _cBiblioteca Nacional de Agricultura |
||
| 041 | _a(Pt) | ||
| 072 |
_aE13 _b5213 |
||
| 090 | _aE13 BR9209995 | ||
| 100 | 1 | _aFries, L.A. | |
| 111 | 1 |
_a2. Encontro sobre Pecuaria de Corte _cSao Paulo, SP (Brazil) _d25-27 Jun 1985 |
|
| 245 | 1 | _aFinanciamentos diferenciados para touros de racas de corte - 1 | |
| 260 | 3 |
_aSao Paulo, SP (Brasil): _c1985. |
|
| 500 | _aMoura, J.C. de; Savastano, S.(eds.) Anais do 2. Encontro sobre Pecuaria de Corte Sao Paulo, SP (Brasil): 1985. p. 71-77 (BR9209995-AM)E13 | ||
| 650 | _aGado de Corte | ||
| 650 | _aTouro | ||
| 650 | _aFinanciamento | ||
| 773 | 0 |
_tAnais do 2. Encontro sobre Pecuaria de Corte _aMoura, J.C. de; Savastano, S.(eds.) _wE13 BR9209995 _gSao Paulo, SP (Brasil), 1985. p. 71-77 |
|
| 909 |
_a202404 _bLucia _c55 _dLucia Elande |
||
| 942 |
_cAM _2AGRIS |
||
| 999 |
_c326123 _d326123 |
||